| 000 | 00894cab a2200253 4500 | ||
|---|---|---|---|
| 001 | ABS50801 | ||
| 008 | 090401t1994 xxu||||| |||| 00| 0 eng d | ||
| 035 | _a(Sirsi) u51615 | ||
| 041 | _aeng | ||
| 100 | _aAston, A. | ||
| 245 | _aFunding grant-maintained schools | ||
| 260 | _c1994 | ||
| 350 | _a0 | ||
| 490 |
_aCSM (Chartered Surveyor Monthly) _v3(9) June 1994, 28-29(2) |
||
| 520 | _aCompetition for funds for building projects for schools, with an anticipated increase in grant-maintained schools will give opportunities for surveyors to give professional advice which could mean the difference between success and failure for schools. | ||
| 650 | _aFUNDING | ||
| 650 | _aMENTOR | ||
| 650 | _aREPAIR AND MAINTENANCE | ||
| 650 | _aSCHOOLS | ||
| 650 | _aWAKEMANS CONSTRUCTION CONSULTANT | ||
| 690 | _aBUILDING AND CONSTRUCTION-ECONOMICS | ||
| 942 | _n0 | ||
| 948 | _c04/03/1997 | ||
| 999 |
_c32035 _d32035 |
||